00866nam a2200241 a 450000100100000000500170001000800410002702000150006804000250008308200170010824500600012526000300018530000250021549000170024049000310025750000730028850400330036170000360039483000240043083000380045495201150049299900170060700004266820201002040319.0140204s1973 sp 000 0 spa d a8430620621 aDO-SdBNPbspacBNPHU axxxxxbxxxxx10aBenito Pérez Galdós /cedición Douglas M. Rogers. aMadrid, :bTaurus,c1973. avi, 485 p. ;c21 cm.1 aPersilesv621 aEl escritor y la crítica aIncluye referencias bibliográficas y notas al pie de las páginas aBibliografías : p. 481-4851 aM. Rogers, Douglas,eed.969959 0aPersilesn62969960 0aEl escritor y la crítica969961 001050718MOaGRbGRcHDd2014-02-04iLF1l0oxxxxx xxxxxp42668-10r2020-06-25w2020-06-25y1ZNo se presta c42157d42157